Amphibians and reptiles
| Main Author: | |
|---|---|
| Format: | Book |
| Published: |
London :
Sunburst Books ,
1994
|
| Series: | Discovering nature
|
| Subjects: |
MARC
| LEADER | 00000cam a2200000 7i4500 | ||
|---|---|---|---|
| 001 | 0000009614 | ||
| 002 | 000010476 | ||
| 005 | 20080319.0 | ||
| 020 | |a 1857780418 | ||
| 090 | 0 | 0 | |a 597.60971 |b ZPE |
| 100 | 1 | |a Zpevak, Jaromir | |
| 245 | 1 | 0 | |a Amphibians and reptiles |c by Jaromir Zpevak |
| 260 | |a London : |b Sunburst Books , |c 1994 | ||
| 300 | |a 80p. : |b ill. ; |c 31cm. | ||
| 490 | 0 | |a Discovering nature | |
| 650 | 0 | 0 | |a Reptiles |
| 999 | |a 048903 |b BUKU |c PINJAMAN |e PERPUSTAKAAN KOMUNITI PETALING JAYA | ||